[Event "European Women's Championship"]
[Site "Vysoke Tatry"]
[Date "2018.04.08"]
[Round "1"]
[White "Stefanova, Antoaneta"]
[Black "Prudnykova, Olga"]
[Result "1/2-1/2"]
[Board "8"]
[WhiteElo "2479"]
[WhiteTitle "GM"]
[WhiteCountry "FID"]
[WhiteFideId "2902257"]
[WhiteEloChange "-3"]
[BlackElo "2281"]
[BlackTitle "WIM"]
[BlackCountry "UKR"]
[BlackFideId "14121093"]
[BlackEloChange "5"]

1. d4 {[%clk 1:29:18]} Nf6 {[%clk 1:30:37]} 2. Bf4 {[%clk 1:29:33]} g6 {[%clk
1:30:57]} 3. Nc3 {[%clk 1:29:54]} d5 {[%clk 1:31:16]} 4. e3 {[%clk 1:30:19]} Bg7
{[%clk 1:31:13]} 5. h4 {[%clk 1:30:44]} a5 {[%clk 1:23:34]} 6. h5 {[%clk
1:02:27]} a4 {[%clk 1:20:06]} 7. h6 {[%clk 0:50:55]} Bf8 {[%clk 1:20:29]} 8. Nf3
{[%clk 0:49:10]} c6 {[%clk 1:09:17]} 9. Ne5 {[%clk 0:29:48]} Qa5 {[%clk 1:04:28]}
10. Qd2 {[%clk 0:21:53]} b5 {[%clk 0:39:54]} 11. f3 {[%clk 0:09:54]} e6 {[%clk
0:34:28]} 12. Nd3 {[%clk 0:05:46]} Nbd7 {[%clk 0:26:23]} 13. g4 {[%clk 0:06:11]}
Nb6 {[%clk 0:17:49]} 14. Kf2 {[%clk 0:06:26]} Nc4 {[%clk 0:12:33]} 15. Qe1 {[%clk
0:06:51]} b4 {[%clk 0:08:41]} 16. Nd1 {[%clk 0:06:31]} Nd7 {[%clk 0:08:44]} 17.
Kg2 {[%clk 0:05:31]} Be7 {[%clk 0:06:13]} 18. Be2 {[%clk 0:03:29]} O-O {[%clk
0:05:56]} 19. Qg3 {[%clk 0:02:54]} c5 {[%clk 0:02:48]} 20. g5 {[%clk 0:02:51]}
cxd4 {[%clk 0:01:26]} 21. exd4 {[%clk 0:03:18]} Qb6 {[%clk 0:01:51]} 22. c3
{[%clk 0:01:53]} a3 {[%clk 0:02:09]} 23. b3 {[%clk 0:02:06]} Nb2 {[%clk 0:00:45]}
24. Nxb4 {[%clk 0:01:48]} Bxb4 {[%clk 0:00:56]} 25. cxb4 {[%clk 0:02:14]} Qxd4
{[%clk 0:01:19]} 26. Bd6 {[%clk 0:01:44]} Qd2 {[%clk 0:00:48]} 27. Kf1 {[%clk
0:00:55]} Re8 {[%clk 0:00:46]} 28. Qf4 {[%clk 0:00:58]} Qxf4 {[%clk 0:00:37]} 29.
Bxf4 {[%clk 0:01:26]} e5 {[%clk 0:00:39]} 30. Bd2 {[%clk 0:01:42]} d4 {[%clk
0:00:34]} 31. Kf2 {[%clk 0:01:36]} Bb7 {[%clk 0:00:40]} 32. Bb5 {[%clk 0:01:47]}
Red8 {[%clk 0:01:03]} 33. Re1 {[%clk 0:01:59]} Ba6 {[%clk 0:00:33]} 34. Bxa6
{[%clk 0:00:48]} Rxa6 {[%clk 0:01:02]} 1/2-1/2

[Event "European Women's Championship"]
[Site "Vysoke Tatry"]
[Date "2018.04.08"]
[Round "1"]
[White "Martynkova, Olena"]
[Black "Pogonina, Natalija"]
[Result "1/2-1/2"]
[Board "9"]
[WhiteElo "2280"]
[WhiteTitle "WIM"]
[WhiteCountry "UKR"]
[WhiteFideId "14134039"]
[WhiteEloChange "5"]
[BlackElo "2474"]
[BlackTitle "WGM"]
[BlackCountry "RUS"]
[BlackFideId "4147855"]
[BlackEloChange "-3"]

1. d4 {[%clk 1:30:56]} d5 {[%clk 1:30:47]} 2. c4 {[%clk 1:30:52]} e6 {[%clk
1:31:08]} 3. Nf3 {[%clk 1:31:05]} Nf6 {[%clk 1:31:24]} 4. g3 {[%clk 1:31:10]}
Bb4+ {[%clk 1:31:18]} 5. Bd2 {[%clk 1:30:48]} Bd6 {[%clk 1:31:40]} 6. Bg2 {[%clk
1:28:44]} c6 {[%clk 1:31:41]} 7. Qc2 {[%clk 1:25:51]} Nbd7 {[%clk 1:30:46]} 8.
O-O {[%clk 1:23:51]} O-O {[%clk 1:30:59]} 9. Bg5 {[%clk 1:18:16]} h6 {[%clk
1:16:53]} 10. Bxf6 {[%clk 1:14:54]} Nxf6 {[%clk 1:17:14]} 11. Nbd2 {[%clk
1:11:56]} b6 {[%clk 1:10:17]} 12. e4 {[%clk 1:06:06]} Be7 {[%clk 1:08:50]} 13.
cxd5 {[%clk 1:00:14]} cxd5 {[%clk 1:08:33]} 14. e5 {[%clk 1:00:12]} Ne8 {[%clk
0:59:43]} 15. Rfe1 {[%clk 0:52:51]} Bd7 {[%clk 0:51:32]} 16. Nf1 {[%clk 0:40:24]}
a5 {[%clk 0:48:56]} 17. a3 {[%clk 0:31:17]} b5 {[%clk 0:42:44]} 18. Ne3 {[%clk
0:27:27]} Qb6 {[%clk 0:40:33]} 19. Bf1 {[%clk 0:21:17]} a4 {[%clk 0:35:30]} 20.
Bd3 {[%clk 0:16:19]} b4 {[%clk 0:34:10]} 21. axb4 {[%clk 0:14:20]} Qxb4 {[%clk
0:32:37]} 22. Rec1 {[%clk 0:11:53]} Rb8 {[%clk 0:28:06]} 23. Nd1 {[%clk 0:08:42]}
Rb7 {[%clk 0:26:03]} 24. Nc3 {[%clk 0:06:26]} Rc7 {[%clk 0:20:50]} 25. Qe2 {[%clk
0:04:43]} g6 {[%clk 0:14:15]} 26. Ra2 {[%clk 0:01:41]} Ng7 {[%clk 0:10:14]} 27.
Rca1 {[%clk 0:01:59]} Ra8 {[%clk 0:04:02]} 28. Bb5 {[%clk 0:01:51]} Bxb5 {[%clk
0:02:43]} 29. Qxb5 {[%clk 0:01:00]} Qxb5 {[%clk 0:02:12]} 30. Nxb5 {[%clk
0:01:28]} Rb7 {[%clk 0:01:52]} 31. Nc3 {[%clk 0:00:41]} a3 {[%clk 0:01:36]} 32.
Ne2 {[%clk 0:00:37]} Ra4 {[%clk 0:00:40]} 33. bxa3 {[%clk 0:00:35]} Rb3 {[%clk
0:00:58]} 34. Kg2 {[%clk 0:00:37]} Raxa3 {[%clk 0:00:58]} 35. Rxa3 {[%clk
0:00:55]} Bxa3 {[%clk 0:00:57]} 36. g4 {[%clk 0:00:33]} Ne8 {[%clk 0:00:50]} 37.
Nc1 {[%clk 0:00:34]} Rc3 {[%clk 0:00:44]} 38. Ne2 {[%clk 0:01:00]} Rb3 {[%clk
0:00:44]} 39. Nc1 {[%clk 0:00:38]} Rc3 {[%clk 0:00:44]} 40. Ne2 {[%clk 0:30:36]}
Rb3 {[%clk 0:30:49]} 41. Nc1 {[%clk 0:30:36]} 1/2-1/2

[Event "European Women's Championship"]
[Site "Vysoke Tatry"]
[Date "2018.04.08"]
[Round "1"]
[White "Cramling, Pia"]
[Black "Kursova, Maria"]
[Result "1/2-1/2"]
[Board "10"]
[WhiteElo "2472"]
[WhiteTitle "GM"]
[WhiteCountry "SWE"]
[WhiteFideId "1700030"]
[WhiteEloChange "-3"]
[BlackElo "2278"]
[BlackTitle "WGM"]
[BlackCountry "ARM"]
[BlackFideId "4129709"]
[BlackEloChange "5"]

1. d4 {[%clk 1:30:55]} Nf6 {[%clk 1:30:53]} 2. Nf3 {[%clk 1:31:13]} e6 {[%clk
1:31:10]} 3. c4 {[%clk 1:31:21]} b6 {[%clk 1:31:19]} 4. g3 {[%clk 1:31:30]} Bb7
{[%clk 1:31:22]} 5. Bg2 {[%clk 1:31:50]} Bb4+ {[%clk 1:31:31]} 6. Bd2 {[%clk
1:32:00]} Be7 {[%clk 1:31:44]} 7. Nc3 {[%clk 1:31:18]} c6 {[%clk 1:31:06]} 8. O-O
{[%clk 1:29:47]} O-O {[%clk 1:24:22]} 9. Rc1 {[%clk 1:22:33]} d5 {[%clk 1:23:31]}
10. Bf4 {[%clk 1:20:52]} dxc4 {[%clk 1:16:33]} 11. Ne5 {[%clk 1:18:47]} Nd5
{[%clk 1:16:39]} 12. Nxc4 {[%clk 1:18:55]} Nxf4 {[%clk 1:16:49]} 13. gxf4 {[%clk
1:19:21]} Nd7 {[%clk 1:02:55]} 14. e3 {[%clk 1:19:14]} Rc8 {[%clk 0:55:27]} 15.
a3 {[%clk 1:14:47]} Ba6 {[%clk 0:44:41]} 16. Ne2 {[%clk 1:00:59]} c5 {[%clk
0:37:36]} 17. b3 {[%clk 0:47:25]} b5 {[%clk 0:27:51]} 18. Nd2 {[%clk 0:46:44]} b4
{[%clk 0:23:03]} 19. dxc5 {[%clk 0:38:47]} Rxc5 {[%clk 0:19:26]} 20. Rxc5 {[%clk
0:34:25]} Bxc5 {[%clk 0:16:38]} 21. axb4 {[%clk 0:30:04]} Bxb4 {[%clk 0:16:31]}
22. Nc4 {[%clk 0:27:40]} Nb6 {[%clk 0:11:05]} 23. Qa1 {[%clk 0:25:06]} Bxc4
{[%clk 0:08:37]} 24. bxc4 {[%clk 0:25:28]} Nxc4 {[%clk 0:07:40]} 25. Qxa7 {[%clk
0:23:25]} Nd2 {[%clk 0:05:19]} 26. Rc1 {[%clk 0:21:27]} Qd3 {[%clk 0:04:14]} 27.
Ng3 {[%clk 0:19:48]} g6 {[%clk 0:03:37]} 28. Qa4 {[%clk 0:14:14]} Be7 {[%clk
0:03:02]} 29. Rd1 {[%clk 0:06:53]} Qb3 {[%clk 0:02:45]} 30. Qxb3 {[%clk 0:06:33]}
Nxb3 {[%clk 0:03:13]} 31. Rd7 {[%clk 0:06:37]} Re8 {[%clk 0:00:41]} 32. Ne4
{[%clk 0:05:46]} Kf8 {[%clk 0:01:08]} 33. Rb7 {[%clk 0:03:58]} Na5 {[%clk
0:01:27]} 34. Rc7 {[%clk 0:04:15]} Rb8 {[%clk 0:01:00]} 35. Rc2 {[%clk 0:02:27]}
h6 {[%clk 0:00:47]} 36. Bf3 {[%clk 0:02:39]} Rb1+ {[%clk 0:00:37]} 37. Kg2 {[%clk
0:03:06]} Rb8 {[%clk 0:00:56]} 38. Be2 {[%clk 0:02:43]} Rd8 {[%clk 0:01:02]} 39.
Rc7 {[%clk 0:02:48]} Nb3 {[%clk 0:01:08]} 40. Rc2 {[%clk 0:32:39]} Kg7 {[%clk
0:31:02]} 41. Bb5 {[%clk 0:22:44]} Rb8 {[%clk 0:24:31]} 42. Bc4 {[%clk 0:17:37]}
Nc5 {[%clk 0:13:19]} 43. Nxc5 {[%clk 0:15:55]} Bxc5 {[%clk 0:13:47]} 44. Bxe6
{[%clk 0:13:54]} Bxe3 {[%clk 0:14:03]} 45. Rc7 {[%clk 0:10:09]} Kf6 {[%clk
0:11:33]} 46. Bc4 {[%clk 0:10:17]} Bxf4 {[%clk 0:11:46]} 47. Rxf7+ {[%clk
0:10:40]} Ke5 {[%clk 0:11:59]} 48. Bd3 {[%clk 0:09:37]} g5 {[%clk 0:08:59]} 49.
h4 {[%clk 0:09:25]} Rb6 {[%clk 0:04:23]} 50. h5 {[%clk 0:09:06]} Rf6 {[%clk
0:04:32]} 51. Rh7 {[%clk 0:07:51]} Kd4 {[%clk 0:03:30]} 52. Bg6 {[%clk 0:07:20]}
g4 {[%clk 0:03:50]} 53. Re7 {[%clk 0:06:12]} Kd5 {[%clk 0:04:05]} 54. Re4 {[%clk
0:04:17]} Kd6 {[%clk 0:04:14]} 55. Ra4 {[%clk 0:04:21]} Ke7 {[%clk 0:02:22]} 56.
Bd3 {[%clk 0:04:04]} Kf8 {[%clk 0:01:55]} 57. Be2 {[%clk 0:04:17]} g3 {[%clk
0:01:55]} 58. fxg3 {[%clk 0:04:27]} Bg5 {[%clk 0:02:09]} 59. Bf3 {[%clk 0:04:25]}
Rd6 {[%clk 0:01:42]} 60. Be4 {[%clk 0:03:53]} Rf6 {[%clk 0:02:01]} 61. Bg6 {[%clk
0:03:34]} Ke7 {[%clk 0:01:00]} 62. Kh3 {[%clk 0:03:35]} Rd6 {[%clk 0:00:55]} 63.
Bf5 {[%clk 0:03:22]} Kf6 {[%clk 0:01:14]} 64. Be4 {[%clk 0:03:09]} Ke5 {[%clk
0:01:33]} 65. Bg6 {[%clk 0:03:26]} Rd4 {[%clk 0:01:39]} 66. Ra5+ {[%clk 0:03:07]}
Rd5 {[%clk 0:02:06]} 67. Ra7 {[%clk 0:03:02]} Rb5 {[%clk 0:01:33]} 68. Rf7 {[%clk
0:02:22]} Ke6 {[%clk 0:01:34]} 69. Rf3 {[%clk 0:02:38]} Ra5 {[%clk 0:01:41]} 70.
Bf7+ {[%clk 0:00:56]} Ke5 {[%clk 0:01:52]} 71. Rd3 {[%clk 0:00:51]} Ra7 {[%clk
0:01:50]} 72. Bg6 {[%clk 0:01:02]} Ra4 {[%clk 0:01:38]} 73. Kg2 {[%clk 0:01:22]}
Ra2+ {[%clk 0:00:52]} 74. Kf3 {[%clk 0:01:42]} Ra5 {[%clk 0:00:57]} 75. Rb3
{[%clk 0:01:53]} Rc5 {[%clk 0:01:16]} 76. Rb4 {[%clk 0:01:53]} Rc3+ {[%clk
0:00:47]} 77. Kg4 {[%clk 0:02:13]} Rc5 {[%clk 0:00:56]} 78. Bf5 {[%clk 0:01:24]}
Rc3 {[%clk 0:00:49]} 79. Re4+ {[%clk 0:00:48]} Kd5 {[%clk 0:01:05]} 80. Ra4
{[%clk 0:00:40]} 1/2-1/2

[Event "European Women's Championship"]
[Site "Vysoke Tatry"]
[Date "2018.04.08"]
[Round "1"]
[White "Sargsyan, Anna M."]
[Black "Socko, Monika"]
[Result "1-0"]
[Board "11"]
[WhiteElo "2276"]
[WhiteTitle "WFM"]
[WhiteCountry "ARM"]
[WhiteFideId "13308130"]
[WhiteEloChange "15"]
[BlackElo "2471"]
[BlackTitle "GM"]
[BlackCountry "POL"]
[BlackFideId "1106619"]
[BlackEloChange "-8"]

1. d4 {[%clk 1:30:41]} Nf6 {[%clk 1:30:54]} 2. Nf3 {[%clk 1:30:56]} g6 {[%clk
1:31:18]} 3. c4 {[%clk 1:31:21]} Bg7 {[%clk 1:31:39]} 4. g3 {[%clk 1:31:43]} O-O
{[%clk 1:31:59]} 5. Bg2 {[%clk 1:32:09]} d6 {[%clk 1:32:24]} 6. Nc3 {[%clk
1:32:30]} c6 {[%clk 1:32:48]} 7. O-O {[%clk 1:32:39]} Qb6 {[%clk 1:33:13]} 8. h3
{[%clk 1:27:57]} Qa6 {[%clk 1:33:12]} 9. b3 {[%clk 1:25:48]} b5 {[%clk 1:33:03]}
10. Nd2 {[%clk 1:19:47]} Bb7 {[%clk 1:33:07]} 11. Bb2 {[%clk 1:18:12]} Nbd7
{[%clk 1:30:56]} 12. Qc2 {[%clk 1:14:49]} Rfc8 {[%clk 1:28:19]} 13. e4 {[%clk
1:08:56]} bxc4 {[%clk 1:25:36]} 14. bxc4 {[%clk 0:52:48]} e5 {[%clk 1:19:41]} 15.
dxe5 {[%clk 0:47:17]} dxe5 {[%clk 1:16:55]} 16. Rfd1 {[%clk 0:39:11]} Rab8 {[%clk
1:09:41]} 17. Bf1 {[%clk 0:34:10]} c5 {[%clk 1:06:37]} 18. Nd5 {[%clk 0:33:39]}
Bxd5 {[%clk 0:55:56]} 19. cxd5 {[%clk 0:31:48]} c4 {[%clk 0:55:14]} 20. Bxc4
{[%clk 0:24:38]} Bh6 {[%clk 0:48:07]} 21. Qd3 {[%clk 0:19:59]} Qa4 {[%clk
0:39:26]} 22. Bb3 {[%clk 0:19:20]} Qb4 {[%clk 0:36:43]} 23. Nc4 {[%clk 0:14:14]}
Rxc4 {[%clk 0:28:49]} 24. Bxc4 {[%clk 0:14:12]} Qxb2 {[%clk 0:24:42]} 25. Rab1
{[%clk 0:14:32]} Qd4 {[%clk 0:25:09]} 26. Rxb8+ {[%clk 0:14:48]} Nxb8 {[%clk
0:25:37]} 27. Qxd4 {[%clk 0:15:00]} exd4 {[%clk 0:26:03]} 28. e5 {[%clk 0:15:16]}
Nfd7 {[%clk 0:24:15]} 29. e6 {[%clk 0:13:12]} Nf6 {[%clk 0:20:27]} 30. Rb1 {[%clk
0:13:27]} Nbd7 {[%clk 0:19:56]} 31. exd7 {[%clk 0:13:34]} Nxd7 {[%clk 0:20:24]}
32. Rb7 {[%clk 0:12:25]} Ne5 {[%clk 0:20:50]} 33. d6 {[%clk 0:09:43]} Nxc4 {[%clk
0:20:57]} 34. d7 {[%clk 0:10:08]} Bg5 {[%clk 0:21:24]} 35. f4 {[%clk 0:10:16]}
Bf6 {[%clk 0:15:23]} 36. Rxa7 {[%clk 0:06:30]} Nb6 {[%clk 0:13:24]} 37. Rb7
{[%clk 0:06:54]} Nxd7 {[%clk 0:12:12]} 38. Rxd7 {[%clk 0:07:17]} Kf8 {[%clk
0:12:40]} 39. Kf2 {[%clk 0:07:35]} Ke8 {[%clk 0:13:08]} 40. Rb7 {[%clk 0:37:35]}
h5 {[%clk 0:42:56]} 41. Ke2 {[%clk 0:37:40]} g5 {[%clk 0:42:26]} 42. fxg5 {[%clk
0:37:47]} Bxg5 {[%clk 0:42:52]} 43. a4 {[%clk 0:38:13]} 1-0

[Event "European Women's Championship"]
[Site "Vysoke Tatry"]
[Date "2018.04.08"]
[Round "1"]
[White "Girya, Olga"]
[Black "Mamedjarova, Turkan"]
[Result "1-0"]
[Board "12"]
[WhiteElo "2470"]
[WhiteTitle "WGM"]
[WhiteCountry "RUS"]
[WhiteFideId "4195752"]
[WhiteEloChange "2"]
[BlackElo "2274"]
[BlackTitle "WGM"]
[BlackCountry "AZE"]
[BlackFideId "13402005"]
[BlackEloChange "-5"]

1. d4 {[%clk 1:30:57]} d5 {[%clk 1:30:45]} 2. c4 {[%clk 1:31:15]} e6 {[%clk
1:31:08]} 3. Nc3 {[%clk 1:31:38]} Nf6 {[%clk 1:31:30]} 4. cxd5 {[%clk 1:31:48]}
exd5 {[%clk 1:31:49]} 5. Bg5 {[%clk 1:32:12]} Be7 {[%clk 1:32:03]} 6. e3 {[%clk
1:32:37]} O-O {[%clk 1:32:01]} 7. Bd3 {[%clk 1:32:46]} c6 {[%clk 1:32:08]} 8. Qc2
{[%clk 1:32:51]} Nbd7 {[%clk 1:30:44]} 9. Nf3 {[%clk 1:32:48]} Re8 {[%clk
1:26:49]} 10. O-O {[%clk 1:32:52]} h6 {[%clk 1:25:54]} 11. Bf4 {[%clk 1:32:40]}
Nf8 {[%clk 1:22:41]} 12. h3 {[%clk 1:32:01]} Bd6 {[%clk 1:18:11]} 13. Bxd6 {[%clk
1:21:42]} Qxd6 {[%clk 1:18:31]} 14. Rfe1 {[%clk 1:20:12]} Bd7 {[%clk 1:02:43]}
15. Rab1 {[%clk 1:16:49]} c5 {[%clk 0:51:04]} 16. dxc5 {[%clk 1:14:01]} Qxc5
{[%clk 0:51:24]} 17. Qb3 {[%clk 1:09:15]} Bc6 {[%clk 0:48:52]} 18. Rbc1 {[%clk
1:07:34]} Qd6 {[%clk 0:46:02]} 19. Nd4 {[%clk 0:57:09]} Ne6 {[%clk 0:37:02]} 20.
Nce2 {[%clk 0:56:58]} Nxd4 {[%clk 0:33:01]} 21. Nxd4 {[%clk 0:57:22]} Bd7 {[%clk
0:33:04]} 22. Re2 {[%clk 0:47:21]} Rac8 {[%clk 0:32:03]} 23. Rec2 {[%clk
0:47:09]} Rxc2 {[%clk 0:21:53]} 24. Rxc2 {[%clk 0:44:48]} b6 {[%clk 0:21:06]} 25.
Qc3 {[%clk 0:42:55]} Qe5 {[%clk 0:15:50]} 26. Qc7 {[%clk 0:39:43]} Qh5 {[%clk
0:12:10]} 27. Rc1 {[%clk 0:32:38]} Qg5 {[%clk 0:06:13]} 28. Nf3 {[%clk 0:31:34]}
Qh5 {[%clk 0:06:27]} 29. Qf4 {[%clk 0:31:19]} Ne4 {[%clk 0:05:50]} 30. Bxe4
{[%clk 0:15:15]} dxe4 {[%clk 0:06:12]} 31. Nd4 {[%clk 0:15:41]} Qd5 {[%clk
0:05:25]} 32. a3 {[%clk 0:09:01]} a5 {[%clk 0:05:42]} 33. Rc3 {[%clk 0:07:30]}
Qe5 {[%clk 0:03:50]} 34. Qxe5 {[%clk 0:06:52]} Rxe5 {[%clk 0:04:19]} 35. Rc7
{[%clk 0:06:38]} Rd5 {[%clk 0:04:11]} 36. Rb7 {[%clk 0:04:35]} Rd6 {[%clk
0:04:25]} 37. h4 {[%clk 0:01:55]} g5 {[%clk 0:02:47]} 38. hxg5 {[%clk 0:02:14]}
hxg5 {[%clk 0:03:16]} 39. Kf1 {[%clk 0:01:56]} Bg4 {[%clk 0:01:42]} 40. Re7
{[%clk 0:31:20]} Be6 {[%clk 0:32:07]} 41. Ke1 {[%clk 0:22:30]} Kf8 {[%clk
0:29:08]} 42. Rc7 {[%clk 0:22:54]} Bd7 {[%clk 0:27:17]} 43. Ne2 {[%clk 0:20:04]}
Ke8 {[%clk 0:26:49]} 44. Rc4 {[%clk 0:17:40]} f5 {[%clk 0:26:00]} 45. g4 {[%clk
0:17:27]} Be6 {[%clk 0:17:42]} 46. Rd4 {[%clk 0:15:56]} Kd7 {[%clk 0:15:00]} 47.
gxf5 {[%clk 0:16:04]} Bxf5 {[%clk 0:15:19]} 48. Kd2 {[%clk 0:12:35]} Kc6 {[%clk
0:12:54]} 49. Kc3 {[%clk 0:10:21]} Rf6 {[%clk 0:12:20]} 50. Kd2 {[%clk 0:03:02]}
Bg6 {[%clk 0:11:56]} 51. Ke1 {[%clk 0:03:14]} Rd6 {[%clk 0:07:28]} 52. Nc3 {[%clk
0:03:43]} Re6 {[%clk 0:06:19]} 53. Rd5 {[%clk 0:03:47]} g4 {[%clk 0:05:08]} 54.
Rg5 {[%clk 0:04:09]} Bh7 {[%clk 0:03:26]} 55. Rxg4 {[%clk 0:03:38]} Re5 {[%clk
0:03:17]} 56. Rh4 {[%clk 0:03:25]} Re7 {[%clk 0:03:29]} 57. Rh6+ {[%clk 0:03:00]}
Kc5 {[%clk 0:03:52]} 58. Na4+ {[%clk 0:02:07]} Kc4 {[%clk 0:04:16]} 59. Rxb6
{[%clk 0:01:51]} Kd3 {[%clk 0:04:06]} 60. Rc6 {[%clk 0:02:09]} 1-0

[Event "European Women's Championship"]
[Site "Vysoke Tatry"]
[Date "2018.04.08"]
[Round "1"]
[White "Paramzina, Anastasya"]
[Black "Paehtz, Elisabeth"]
[Result "1/2-1/2"]
[Board "13"]
[WhiteElo "2271"]
[WhiteTitle "WGM"]
[WhiteCountry "RUS"]
[WhiteFideId "4165012"]
[WhiteEloChange "5"]
[BlackElo "2468"]
[BlackTitle "IM"]
[BlackCountry "GER"]
[BlackFideId "4641833"]
[BlackEloChange "-3"]

1. e4 {[%clk 1:30:58]} c5 {[%clk 1:30:57]} 2. Nf3 {[%clk 1:31:20]} d6 {[%clk
1:31:24]} 3. d4 {[%clk 1:31:38]} cxd4 {[%clk 1:31:49]} 4. Nxd4 {[%clk 1:32:03]}
Nf6 {[%clk 1:32:16]} 5. Nc3 {[%clk 1:32:27]} a6 {[%clk 1:32:43]} 6. h3 {[%clk
1:32:50]} e5 {[%clk 1:33:10]} 7. Nde2 {[%clk 1:33:15]} b5 {[%clk 1:33:37]} 8. g4
{[%clk 1:32:10]} b4 {[%clk 1:34:03]} 9. Nd5 {[%clk 1:32:31]} Nxd5 {[%clk
1:34:30]} 10. Qxd5 {[%clk 1:31:56]} Ra7 {[%clk 1:34:57]} 11. Be3 {[%clk 1:31:55]}
Be6 {[%clk 1:35:21]} 12. Qd3 {[%clk 1:31:58]} Rb7 {[%clk 1:35:47]} 13. Bg2 {[%clk
1:30:06]} Be7 {[%clk 1:36:04]} 14. b3 {[%clk 1:28:37]} g6 {[%clk 1:34:52]} 15.
Qd2 {[%clk 1:09:48]} h5 {[%clk 1:18:28]} 16. g5 {[%clk 1:08:49]} h4 {[%clk
1:03:56]} 17. O-O {[%clk 0:39:16]} Qc8 {[%clk 0:52:47]} 18. Kh2 {[%clk 0:38:50]}
Nd7 {[%clk 0:52:31]} 19. c3 {[%clk 0:32:21]} a5 {[%clk 0:52:06]} 20. Rac1 {[%clk
0:30:19]} Qb8 {[%clk 0:47:44]} 21. f4 {[%clk 0:26:01]} exf4 {[%clk 0:48:07]} 22.
Nxf4 {[%clk 0:20:33]} O-O {[%clk 0:34:31]} 23. Nxe6 {[%clk 0:07:28]} fxe6 {[%clk
0:34:56]} 24. Rxf8+ {[%clk 0:05:57]} Bxf8 {[%clk 0:34:55]} 25. cxb4 {[%clk
0:03:35]} Rxb4 {[%clk 0:28:02]} 26. Qf2 {[%clk 0:03:22]} Ne5 {[%clk 0:25:40]} 27.
Qxh4 {[%clk 0:02:31]} a4 {[%clk 0:24:54]} 28. Bd2 {[%clk 0:02:22]} axb3 {[%clk
0:24:09]} 29. Bxb4 {[%clk 0:02:23]} b2 {[%clk 0:23:02]} 30. Rb1 {[%clk 0:01:42]}
Qxb4 {[%clk 0:23:29]} 31. Qf2 {[%clk 0:01:48]} Bg7 {[%clk 0:22:27]} 32. Rxb2
{[%clk 0:00:39]} Ng4+ {[%clk 0:22:18]} 33. hxg4 {[%clk 0:01:06]} Bxb2 {[%clk
0:22:40]} 34. Bf3 {[%clk 0:00:35]} Bc1 {[%clk 0:20:19]} 35. Qc2 {[%clk 0:00:44]}
Bxg5 {[%clk 0:19:39]} 36. e5 {[%clk 0:00:42]} Kg7 {[%clk 0:18:55]} 37. Qc7+
{[%clk 0:01:02]} Kh6 {[%clk 0:19:17]} 38. Qxd6 {[%clk 0:00:47]} Qf4+ {[%clk
0:18:57]} 39. Kg2 {[%clk 0:01:12]} Bh4 {[%clk 0:19:21]} 40. g5+ {[%clk 0:30:37]}
Qxg5+ {[%clk 0:48:13]} 41. Kf1 {[%clk 0:27:31]} Qf4 {[%clk 0:48:04]} 42. Ke2
{[%clk 0:26:33]} Qc4+ {[%clk 0:47:56]} 43. Ke3 {[%clk 0:26:00]} Kg5 {[%clk
0:36:24]} 44. Be4 {[%clk 0:08:56]} Qc3+ {[%clk 0:31:28]} 45. Bd3 {[%clk 0:05:29]}
Qc1+ {[%clk 0:23:26]} 46. Kf3 {[%clk 0:05:31]} Qh1+ {[%clk 0:20:55]} 47. Ke3
{[%clk 0:05:50]} Qc1+ {[%clk 0:14:06]} 48. Kf3 {[%clk 0:06:02]} 1/2-1/2

[Event "European Women's Championship"]
[Site "Vysoke Tatry"]
[Date "2018.04.08"]
[Round "1"]
[White "Cornette, Deimante"]
[Black "Manakova, Maria"]
[Result "1-0"]
[Board "14"]
[WhiteElo "2467"]
[WhiteTitle "IM"]
[WhiteCountry "LTU"]
[WhiteFideId "12802859"]
[WhiteEloChange "2"]
[BlackElo "2268"]
[BlackTitle "WGM"]
[BlackCountry "SRB"]
[BlackFideId "927007"]
[BlackEloChange "-5"]

1. e4 {[%clk 1:30:57]} c5 {[%clk 1:30:31]} 2. Nc3 {[%clk 1:30:52]} Nc6 {[%clk
1:30:29]} 3. Bb5 {[%clk 1:30:32]} d6 {[%clk 1:29:25]} 4. Bxc6+ {[%clk 1:28:17]}
bxc6 {[%clk 1:29:51]} 5. d3 {[%clk 1:27:34]} g6 {[%clk 1:26:54]} 6. f4 {[%clk
1:27:31]} Bg7 {[%clk 1:27:09]} 7. Nf3 {[%clk 1:27:42]} Rb8 {[%clk 1:26:36]} 8.
O-O {[%clk 1:27:18]} Nh6 {[%clk 1:25:19]} 9. Qe1 {[%clk 1:25:34]} f6 {[%clk
1:20:16]} 10. Qg3 {[%clk 0:55:18]} e6 {[%clk 1:14:16]} 11. f5 {[%clk 0:47:49]}
exf5 {[%clk 1:12:48]} 12. Bxh6 {[%clk 0:48:00]} Bxh6 {[%clk 1:13:11]} 13. exf5
{[%clk 0:48:15]} Bxf5 {[%clk 1:11:55]} 14. Nh4 {[%clk 0:47:09]} d5 {[%clk
0:29:43]} 15. Nxf5 {[%clk 0:43:53]} gxf5 {[%clk 0:30:08]} 16. Rxf5 {[%clk
0:40:08]} Rxb2 {[%clk 0:28:36]} 17. Raf1 {[%clk 0:33:50]} Rf8 {[%clk 0:20:53]}
18. Rh5 {[%clk 0:32:18]} Bd2 {[%clk 0:06:23]} 19. Rxh7 {[%clk 0:32:14]} Qb8
{[%clk 0:06:17]} 20. Qg4 {[%clk 0:27:20]} Be3+ {[%clk 0:05:47]} 21. Kh1 {[%clk
0:27:44]} f5 {[%clk 0:04:23]} 22. Qg6+ {[%clk 0:27:46]} Kd8 {[%clk 0:04:49]} 23.
Qxc6 {[%clk 0:27:54]} 1-0